The Beatles - 1 - Statistics

General Stats
  • This quiz has been taken 37 times
  • The average score is 20 of 27
Answer Stats
# Album Answer % Correct
26 Let It Be Let It Be
100%
6 A Hard Day's Night A Hard Day's Night
97%
10 Help! Help!
97%
11 Help! Yesterday
94%
1 Please Please Me Love Me Do
91%
15 Revolver Yellow Submarine
88%
17 Magical Mystery Tour Penny Lane
84%
18 Magical Mystery Tour All You Need Is Love
81%
16 Revolver Eleanor Rigby
81%
24 Abbey Road Something
81%
25 Abbey Road Come Together
78%
22 Let It Be Get Back
78%
4 (single) I Want to Hold Your Hand
78%
27 Let It Be The Long and Winding Road
78%
14 (single) Paperback Writer
75%
21 (single) Hey Jude
72%
9 Help! Ticket to Ride
72%
12 (single) Day Tripper
69%
8 Beatles For Sale Eight Days a Week
69%
5 A Hard Day's Night Can't Buy Me Love
66%
3 (single) She Loves You
66%
19 Magical Mystery Tour Hello, Goodbye
63%
20 (single) Lady Madonna
59%
23 (single) The Ballad of John and Yoko
56%
13 (single) We Can Work It Out
53%
2 (single) From Me to You
50%
7 (single) I Feel Fine
47%
No matching quizzes found
Score Distribution
Percent of People with Each Score
Percentile by Number Answered
Your Score History
You have not taken this quiz